|
|
|
|
| LEADER |
00000nab a2200000 a 4500 |
| 001 |
vtls009337395 |
| 003 |
SK-MaSNL |
| 005 |
20260304153959.0 |
| 008 |
250507|2008 xo mr|p||||||||00 b|slo |
| 015 |
|
|
|a SNBRB2008/09
|2 snkbucl
|
| 035 |
|
|
|a (uuid)63f35a68-a278-49da-9531-ef4d6c06c119
|
| 035 |
|
|
|a urn:nbn:sk:snk-abc459
|
| 035 |
|
|
|a (urnnbn)urn:nbn:sk:snk:ar-000mc1
|
| 038 |
|
|
|a SNKBUCL
|
| 040 |
|
|
|a SNKBUCL
|b slo
|c SNKBUCL
|e AACR2
|
| 041 |
0 |
|
|a slo
|
| 044 |
|
|
|a xo
|c SK
|
| 080 |
|
|
|a 087.5:061.3
|2 2001
|
| 080 |
|
|
|a 027.53
|x (437.6)
|2 2001
|
| 100 |
1 |
|
|a Mikitová, Táňa
|4 aut
|9 11483
|
| 245 |
1 |
0 |
|a Dni detskej knihy 2008
|c Táňa Mikitová
|
| 300 |
|
|
|b Fotogr.
|
| 610 |
2 |
7 |
|a Knižnica Mateja Hrebendu (Rimavská Sobota, Slovensko)
|2 snkbucl
|9 32336
|
| 611 |
2 |
7 |
|a Dni detskej knihy
|d (2008 :
|c Rimavská Sobota, Slovensko)
|2 snkbucl
|9 1199903
|
| 650 |
0 |
7 |
|a publikácie pre deti
|2 snkbucl
|9 249868
|
| 773 |
0 |
|
|t Knižnica
|g Roč. 9, č. 8 (2008), s. 44
|x 1335-7026
|
| 850 |
|
|
|a Slovenská národná knižnica
|
| 852 |
|
|
|a Slovenská národná knižnica
|
| 856 |
4 |
1 |
|u http://www.snk.sk/images/snk/casopis_kniznica/2008/august/44.pdf
|
| 954 |
|
|
|a odborná, vedecká literatúra pôvodná (slovenská)
|2 lita
|
| 958 |
|
|
|a article15
|
| 958 |
|
|
|a OND
|
| 958 |
|
|
|a KL
|
| 958 |
|
|
|a EUIPO
|
| 999 |
|
|
|c 2955804
|d 2957734
|